Catálogo - Centro de Recursos para el Aprendizaje y la Investigación

Volver al Sitio - CRAI Biblioteca
Vista normal Vista MARC
  • Casanovas y La Rosa, Oriol,

Entrada Nombre personal

Número de registros utilizados en: 1

001 - NÚMERO DE CONTROL

  • campo de control: 200380

003 - IDENTIFICADOR DEL NÚMERO DE CONTROL

  • campo de control: DR-UNIBE

005 - FECHA Y HORA DE LA ÚLTIMA TRANSACCIÓN

  • campo de control: 20251029112603.0

008 - DATOS DE LONGITUD FIJA

  • campo de control de longitud fija: 251029|| aca||aabn | a|a d

040 ## - FUENTE DE LA CATALOGACIÓN

  • Centro catalogador/agencia de origen: DR-UNIBE
  • Centro/agencia transcriptor: DR-UNIBE

100 ## - ENCABEZAMIENTO-NOMBRE DE PERSONA

  • Nombre de persona: Casanovas y La Rosa, Oriol,
  • Fechas asociadas al nombre: 1938-

670 ## - FUENTE DE DATOS ENCONTRADOS

  • Cita de la fuente: Work cat.: (DR-UNIBE)114183: Casanovas y La Rosa, Oriol, 1938-, Compendio de derecho internacional público /, 2024